00882nam a22002897a 45000010005000000030006000050050017000110080041000280200018000690400029000870500017001160820010001331000017001432450025001602500048001852600040002333000049002734900029003225050008003515200071003595210029004305210020004596500030004796500024005097000028005337000031005617065FISKH20250619153856.0250619b cb ||||| |||| 00| 0 eng d a9780756630188 aFISKHbengcFISKHdFISKH aSF395.4 .L56 a636.4 aLing, Mary  aPig /cBy Mary Ling aFirst published in the United State in 1993 aNew York : bDK Publishing ,c1993. a24 pages : bcolor illustrations ;c21 cm .  aSee how they grow ( DK ) aF  aPhotographs and text chart the early stages of a young pig's life.8 a350 bLexile estimate 8 aF bRaz-Plus  aFarm animalsvNon-fiction aPigletvNon-fiction aLing, BillePhotgrapher aSenior, HeleneArt Editor